Finite mathematics : an applied approach

Αποθηκεύτηκε σε:
Λεπτομέρειες βιβλιογραφικής εγγραφής
Κύριος συγγραφέας: Mizrahi, Abe
Άλλοι συγγραφείς: Sullivan, Michael 1942-
Μορφή: Βιβλίο
Γλώσσα:English
Δημοσίευση: New York : John Wiley & Sons, 1996
Έκδοση:7th ed.
Θέματα:
Ετικέτες: Προσθήκη ετικέτας
Δεν υπάρχουν, Καταχωρήστε ετικέτα πρώτοι!

MARC

LEADER 00000nam a2200000 i 4500
001 1/48981
008 980720s1996 eng d
020 |a 0-471-10700-X 
035 |l 10043488 
040 |a GR-MY-UA  |b gre  |e aacr 
041 0 |a eng 
082 0 |a 519 
100 1 |a Mizrahi, Abe. 
245 1 0 |a Finite mathematics :  |b an applied approach /  |c Abe Mizrahi, Michael Sullivan 
246 3 3 |a Finite mathematics with applications for business and social sciences 
250 |a 7th ed. 
260 |a New York :   |b John Wiley & Sons,   |c 1996 
300 |a xix, 599 [92] p.;  |b ill.;  |c 24 cm. 
500 |a Rev. ed. of: Finite mathematics with applications for business and social sciences. 1992. 
500 |a Includes index 
650 0 0 |a Business mathematics. 
650 0 0 |a Social sciences  |x Mathematics. 
650 0 0 |a Mathematics. 
700 1 |a Sullivan, Michael  |d 1942- 
852 |a INST  |b SAMOS  |e 19980720  |h 519 MIZ  |p 005300010924  |q 005300010924  |t BK  |y 0 
901 |a BIBL-1998-2 
909 |a Σ  |b 057510 
922 |a 3ΕΛΗ  |b 199807  |c ΔΩΡ  |d JOHN WILEY